top 150 American baby boy names 1883 - Statistics

General Stats
  • This quiz has been taken 80 times
  • The average score is 72 of 150
Answer Stats
place movement streak Answer % Correct
1 0 3 John
98%
3 0 3 James
97%
52 -7 3 Jim
97%
29 -4 3 Will
95%
2 0 3 William
95%
34 -3 3 Willie
95%
5 -1 3 George
94%
26 -3 3 Joe
92%
7 0 3 Joseph
92%
117 -2 3 Harold
87%
12 0 3 Harry
87%
8 -1 3 Thomas
87%
44 +3 3 Tom
87%
4 +1 3 Charles
84%
63 +4 3 Charley
84%
22 -1 3 Charlie
84%
101 +5 3 Dave
84%
20 -1 3 David
84%
64 -10 3 Ed
84%
105 -15 3 Eddie
84%
11 0 3 Edward
84%
21 +1 3 Richard
84%
65 +1 3 Jack
83%
98 -11 3 Stephen
83%
9 +1 3 Henry
81%
48 -4 3 Paul
81%
36 0 3 Peter
81%
10 +1 3 Robert
81%
6 0 3 Frank
79%
131 -6 3 Franklin
79%
55 +2 3 Michael
78%
24 0 3 Andrew
75%
56 -1 3 Ben
73%
31 +3 3 Benjamin
73%
109 -12 3 Dan
73%
25 +4 3 Daniel
73%
33 -3 3 Sam
73%
17 0 3 Samuel
73%
142 reentered 1 mark
71%
15 0 3 Fred
68%
37 0 0 Frederick
68%
85 +2 3 Philip
68%
137 0 2 Phillip
68%
92 +13 3 Anthony
67%
118 +5 3 Adam
65%
108 -19 3 Alex
65%
80 -1 3 Alexander
65%
49 -3 3 Jacob
65%
129 +13 3 Jake
65%
46 +2 3 Martin
65%
75 -5 3 Patrick
65%
125 +3 3 Victor
65%
14 0 3 Arthur
63%
38 +1 3 Lewis
63%
19 -1 3 Louis
63%
72 0 3 Oliver
63%
82 -2 3 Allen
60%
60 -4 3 Francis
60%
61 +2 3 Lawrence
60%
95 +4 3 Leo
60%
97 +17 3 Leon
60%
79 -2 3 Leonard
60%
135 -9 2 Elijah
59%
132 -8 3 Nathan
59%
81 -6 3 Theodore
59%
16 0 3 Albert
57%
70 -5 3 Isaac
57%
121 reentered 2 Aaron
56%
144 reentered 1 Christopher
56%
27 +1 3 Oscar
56%
32 +3 3 Carl
48%
57 +2 3 Edwin
48%
41 -1 3 Herbert
48%
78 +5 3 Ray
48%
68 +10 3 Raymond
48%
143 new 0 Simon
48%
13 0 3 Walter
48%
58 0 3 Edgar
46%
115 -7 3 Dennis
44%
74 -1 2 Hugh
43%
30 +3 3 Roy
43%
35 -3 3 Alfred
41%
39 +3 3 Howard
40%
96 +7 3 Bernard
38%
120 +11 2 Norman
38%
59 +1 3 Chester
37%
122 -20 3 Wesley
37%
107 +10 3 Calvin
35%
134 -15 2 Earnest
32%
23 +4 3 Ernest
32%
116 +2 3 Jess
32%
124 +8 3 Wallace
32%
113 0 3 Alvin
30%
53 +8 3 Harvey
30%
119 +13 3 Jerry
30%
45 -2 3 Ralph
30%
91 -5 3 Warren
30%
77 -3 3 August
29%
51 +2 3 Eugene
29%
130 new 0 Melvin
29%
62 -10 3 Bert
27%
126 -6 3 Lloyd
27%
145 -6 2 maurice
27%
83 +5 3 Horace
25%
43 -2 3 Lee
25%
18 +2 3 Clarence
24%
50 +12 3 Clyde
24%
111 -1 3 Lester
24%
84 -2 3 Archie
22%
42 +7 3 Earl
22%
73 +3 3 Floyd
22%
88 +3 3 Julius
22%
90 +5 3 Milton
22%
104 new 0 grover
21%
128 new 0 jay
21%
28 -2 3 Jesse
21%
89 -5 3 Jessie
21%
66 +3 3 Otto
21%
150 -9 1 Emmett
19%
136 reentered 1 gilbert
19%
47 +4 3 Herman
19%
147 -4 1 ross
19%
103 +1 3 Willis
19%
114 -5 3 Amos
17%
100 -6 3 Clifford
17%
133 -3 2 Cornelius
17%
110 +9 2 Leslie
17%
67 +4 3 Ira
16%
69 -5 3 Luther
16%
102 +10 3 Perry
16%
93 +14 3 Everett
14%
71 -3 3 Guy
14%
76 +11 3 Homer
14%
146 -24 2 Otis
14%
140 new 0 claud
13%
54 -4 3 Claude
13%
40 -2 3 Elmer
13%
86 +14 3 Sidney
13%
112 +33 3 Adolph
11%
94 +2 3 Leroy
11%
127 -26 2 mack
11%
139 reentered 1 willard
11%
148 reentered 1 Clinton
10%
99 -7 3 Emil
8%
106 -8 3 Rufus
8%
123 -12 3 Alonzo
6%
141 new 0 lonnie
6%
87 +6 3 Marion
5%
134 +6 2 Elbert
2%
138 reentered 1 Roscoe
2%
No matching quizzes found
Score Distribution
Percent of People with Each Score
Percentile by Number Answered
Your Score History
You have not taken this quiz